| 000 | 00995nam a22002775i 4500 | ||
|---|---|---|---|
| 001 | 13036 | ||
| 003 | ES-MaACL | ||
| 005 | 20230906150457.0 | ||
| 007 | t| | ||
| 008 | 920529r19891839sp |||| | spa j | ||
| 020 | _a84-86207-29-0 | ||
| 080 | _a914.60(234 Gredos)"18" | ||
| 100 | 1 |
_aAznar, Gregorio. _924300 |
|
| 245 | 1 | 0 |
_aViage a la Sierra y Laguna de Gredos por su polo austral / _c[Gregorio Aznar] ; edición a cargo de Juan Reviriego Alia ; prólogo de Nacho Criado. |
| 246 | 3 | _aViaje a la Sierra y Laguna de Gredos por su polo austral | |
| 260 |
_aMadrid : _bEl Museo Universal, _c1989. |
||
| 300 |
_a[54] p. : _bil. ; _c22 cm. |
||
| 534 |
_pReprod. facs. de la ed de: _cMadrid : Imp. de Ibarra, 1839. |
||
| 651 | 4 |
_aGredos (España, Sierra)- _xDescripción. _9167958 |
|
| 655 | 7 |
_2tgfbne _9226495 _aFacsímiles |
|
| 700 | 1 |
_aReviriego Alia, Juan. _996450 |
|
| 700 | 1 |
_aCriado, Nacho. _941598 |
|
| 852 |
_aES-MaACL _jL-20371 |
||
| 942 | _2udc | ||
| 999 |
_c13036 _d13036 |
||